Idea de la universidad en una generación de rectores centroamericanos

Gespeichert in:
Bibliographische Detailangaben
1. Verfasser: España Calderón, Olmedo
Format: Buch
Sprache:Undetermined
Veröffentlicht: San José, Costa Rica Escuela de Filosofía, Universidad de Costa Rica 1974
Schlagworte:
Tags: Tag hinzufügen
Keine Tags, Fügen Sie den ersten Tag hinzu!

MARC

LEADER 00000nam a2200000Ia 4500
008 170316s9999 xx 000 0 und d
040 |a cru BVZT 
090 |a TESIS 281 
100 |a España Calderón, Olmedo 
245 |a Idea de la universidad en una generación de rectores centroamericanos 
260 |a San José, Costa Rica 
260 |b Escuela de Filosofía, Universidad de Costa Rica 
260 |c 1974 
300 |a 158 páginas 
650 |a LICENCIATURA EN FILOSOFÍA 
650 |a TRABAJO FINAL DE GRADUACIÓN 
999 |c 13901  |d 13901 
942 |c TFG  |h TESIS 281  |2 z